Statistiques concernant Dieux Grecs

Cliquez ici pour prendre le quiz!

Statistiques générales

  • Ce quiz a été pris 1 581 fois
  • Le résultat moyen est 17 sur 66

Statistiques - réponses

FamilleIndiceDivinité% Correct
Divinités OlympiennesDéesse de l'amour, de la beautéAphrodite
95%
Dieu du ciel, de la foudre,Zeus
91%
Dieu des EnfersHadès
90%
Dieu de la mer, des tremblements de terre, des navigateursPoséidon
89%
Dieu de la guerre, de la violence, de la destructionArès
88%
Déesse de l'intelligence, de la stratégie guerrièreAthéna
87%
Dieu de la lumière, du soleil, de la musique, des artsApollon
84%
Déesse de la chasseArtémis
81%
Dieu de la vigne, de l'ivresseDionysos
79%
Dieu du feu, des forgerons, des volcansHéphaïstos
78%
Dieu du voyage, des voleurs, du commerceHermès
74%
Déesse du mariage, de la fidélistéHéra
73%
Déesse de l'agricultureDéméter
71%
Dieu du tempsChronos
63%
Déesse du foyer, de la maison, de la chastetéHestia
59%
Personnification de la terreGaïa
55%
Dieu de l'amour, de l'acte sexuelEros
43%
Roi des titansCronos
32%
Divinité de la nuitNyx
31%
Dieu de la mortThanatos
30%
Dieu du sommeilHypnos
27%
Entité primordiale, la première à être apparueChaos
26%
Dieu des cieuxOuranos
24%
Dieu de la partie la plus sombre des EnfersTartare
22%
Titan contraint de porter le ciel sur ses épaulesAtlas
18%
Titan du soleilHélios
13%
Titan des fleuves, de la mer, des océansOcéan
11%
Titanide de la fertilité, de la maternité, des animauxRhéa
11%
Titanide de la luneSéléné
11%
Dieu des ténèbresErèbe
10%
Titan de la lumièreHypérion
7%
Titan de la mémoire, des souvenirsMnémosyne
7%
Titan de la mortalité, de l'OuestJapet
6%
Titanide de la rivière Styx, personnification de la haineStyx
6%
Titanide de l'ordre, de la loi, de la justiceThémis
6%
Divinités primordialesDéesse de l'inévitable, de la compulsion, de la nécessitéAnanké
5%
Dieu de la lumière celesteEther
5%
Déesse de la lumière terrestreHéméra
5%
Divinité de la mer, des poissons, des créatures marinesPontos
5%
Dieu du destin fatal, de la mort brutaleMoros
4%
Dieu des montagnesOuréa
4%
Titan de la préméditation, du conseil avisé, de la prévoyanceProméthée
4%
Esprit de la merThalassa
4%
Titan de l'astronomieCrios
3%
Titanide de l'auroreEos
3%
Titan des pensées après coup, des excusesEpiméthée
3%
Titanide de l'eau, des rivières, des sourcesTéthys
3%
Titanide de la vue, de la lumière brillante du ciel bleuThéia
3%
TitansTitan de l'intellect, des constellationsCéos
2%
Titanide de la maternitéLéto
2%
Titanide du bon conseil, de la ruse, de la sagesseMétis
2%
Déesse des îles, de la merNésoi
2%
Titanide de l'intellect, des prophétiesPhébé
2%
Autre titansTitanide de la gloire, du renom, de l'infâmieAsia
1%
Titanide des oracles nocturnes et des étoiles filantesAstéria
1%
Titan du crépuscule, des étoiles, des planètes, de l'astrologieAstréos
1%
Titanide de la briseAura
1%
Titanide de l'oracle de DodoneDioné
1%
Titanide de la maîtrise des mersEurybie
1%
Titanide des prairies des pâturagesEurynomé
1%
Titan de l'air, de la traqueLélantos
1%
Titan de la colère violente, de l'action brusque, de la mortalité humaineMénétios
1%
Titan régnant sur terre avant CronosOphion
1%
Titan de l'art de la guerrePallas
1%
Titan de la destruction, de la paixPersès
1%
Dieu de la procréationPhanès
1%

Distribution des résultats

Percentile par nombre de réponses

% des personnes avec chaque résultat

Votre développement - résultats

Vous n’avez pas pris ce quiz